MANUAL OF NEONATAL CARE (Record no. 8397)

MARC details
000 -LEADER
fixed length control field 00307nam a22001457a 4500
003 - CONTROL NUMBER IDENTIFIER
control field SGT
082 ## - DEWEY DECIMAL CLASSIFICATION NUMBER
Classification number 618.92, M15C
100 ## - MAIN ENTRY--PERSONAL NAME
Personal name CLOHERTY, JOHN, P
245 ## - TITLE STATEMENT
Title MANUAL OF NEONATAL CARE
250 ## - EDITION STATEMENT
Edition statement 7TH
260 ## - PUBLICATION, DISTRIBUTION, ETC. (IMPRINT)
Place of publication, distribution, etc INDIA
Name of publisher, distributor, etc WOLTES KLUWER
Year of Publication 2015
300 ## - PAGE DESCRIPTION
No. of Pages 1007
650 ## - SUBJECT ADDED ENTRY--TOPICAL TERM
Topical term or geographic name as entry element MEDICINE
942 ## - ADDED ENTRY ELEMENTS (KOHA)
Source of classification or shelving scheme Dewey Decimal Classification
Koha item type Books
Holdings
Withdrawn status Lost status Source of classification or shelving scheme Damaged status Not for loan Collection code Home library Current library Shelving location Date acquired Vendor Name Cost, normal purchase price SGTU Bill Number Total Checkouts Full call number Accession No. (Barcode) Date last seen Bill Date Koha item type Date last borrowed
    Dewey Decimal Classification     MEDICAL SGT Medical Library SGT Medical Library Text Book 14/03/2016 AHUJA BOOK COMPANY 825.00 SGTU 5978   618.92, M15C FM7414 14/03/2016 14/08/2015 Books  
    Dewey Decimal Classification     MEDICAL SGT Medical Library SGT Medical Library Text Book 14/03/2016 AHUJA BOOK COMPANY 825.00 SGTU 5978 1 618.92, M15C FM7415 15/12/2017 14/08/2015 Books 15/12/2017
    Dewey Decimal Classification     MEDICAL SGT Medical Library SGT Medical Library Text Book 14/03/2016 AHUJA BOOK COMPANY 825.00 SGTU 5978   618.92, M15C FM7416 14/03/2016 14/08/2015 Books  
    Dewey Decimal Classification     MEDICAL SGT Medical Library SGT Medical Library Text Book 14/03/2016 AHUJA BOOK COMPANY 825.00 SGTU 5978 1 618.92, M15C FM7417 25/02/2021 14/08/2015 Books 05/02/2021